000 00561cam a22002532 4500
001 0000019466
003
005 20151217152155.0
008 101118s xx 000 0 eng d
010 _a
020 _a
_c$
040 _aKABU
_cKABU
100 1 _a
_d
245 1 0 _aFordham law review, vol. lxiv no. 2 :
_b
_c
250 _a
260 _aNew York :
_bFordham Law School,
_c1995.
300 _a p. :
_b
_c
440 0 _a
500 _aphotocopy (part)
650 0 _a
_x
690 _a
908 _a101118
999 _c8971
_d8971